000 00576nam a22002297a 4500
003 UA-OsUOA
001 48431
007 ta
008 20070906b un ||||| |||| 00| 0 ukr d
100 _aМалкович І. А.
090 _a821.161.2
_bМ19
942 _cBK
040 _aUA-OsUOA
_bukr
_cUA-OsUOA
_dUA-OsUOA
245 _aКлюч
_bвірші
300 _a88 с.
955 _a3
041 _aukr
080 _a821.161.2
260 _aК.
_bМолодь
_c1988
650 7 _a82 Література. Літературознавство
_2UDC
999 _c334536
_d334536